Ship safety personnel : Role & duties, A survey and guide for ship's safety officials and for safety managers and ship operators (Record no. 6391)

000 -LEADER
fixed length control field 00359nam a2200097Ia 4500
008 - FIXED-LENGTH DATA ELEMENTS--GENERAL INFORMATION
fixed length control field 201216s9999 xx 000 0 und d
100 ## - MAIN ENTRY--PERSONAL NAME
Personal name Rutherford, D.
245 #0 - TITLE STATEMENT
Title Ship safety personnel : Role & duties, A survey and guide for ship's safety officials and for safety managers and ship operators
260 ## - PUBLICATION, DISTRIBUTION, ETC.
Place of publication, distribution, etc. London
Name of publisher, distributor, etc. Charles Griffin & Company Limited
942 ## - ADDED ENTRY ELEMENTS (KOHA)
Koha item type Books
Holdings
Withdrawn status Lost status Damaged status Not for loan Permanent Location Date acquired Full call number Barcode Date last seen Price effective from Koha item type
        IMU Kolkata 2020-12-16 363.123750941 R9751 PM01425 2020-12-16 2020-12-16 Books
Designed and Maintained by IMU-KC Library, Kolkata Campus © Copyright All Rights Reserved

webs counters

Powered by Koha